Andar Baahar (Record no. 34638)

MARC details
000 -LEADER
fixed length control field 02874ngm a2200457 4500
003 - CONTROL NUMBER IDENTIFIER
control field dpl
005 - DATE AND TIME OF LATEST TRANSACTION
control field 20100313121523.0
007 - PHYSICAL DESCRIPTION FIXED FIELD--GENERAL INFORMATION
fixed length control field DVD
008 - FIXED-LENGTH DATA ELEMENTS--GENERAL INFORMATION
fixed length control field ||||||sp199 xxu|||||c ||| 00| 0 ng d
010 ## - LIBRARY OF CONGRESS CONTROL NUMBER
LC control number DVD-006549-6552 & DVD-007035-7038
024 ## - OTHER STANDARD IDENTIFIER
Terms of availability 49.00
035 ## - SYSTEM CONTROL NUMBER
System control number DVD-006549-6552
035 ## - SYSTEM CONTROL NUMBER
System control number DVD-007035-7038
040 ## - CATALOGING SOURCE
Original cataloging agency DPL
Transcribing agency DPL
082 ## - DEWEY DECIMAL CLASSIFICATION NUMBER
Classification number DVD ANDH
245 ## - TITLE STATEMENT
Title Andar Baahar
Statement of responsibility, etc Uttam Chitra Presents
Medium [videorecording] VCD/
260 ## - PUBLICATION, DISTRIBUTION, ETC. (IMPRINT)
Name of publisher, distributor, etc Shemaroo Home Entertainment
300 ## - PHYSICAL DESCRIPTION
Extent 2 videodisc VCD;
Other physical details sd., col. ;
Dimensions 4 3/4 in.
Type of unit VCD
440 ## - SERIES STATEMENT/ADDED ENTRY--TITLE
Title Shemaroo Home Entertainment
500 ## - GENERAL NOTE
General note Mastered From The Original Film
538 ## - SYSTEM DETAILS NOTE
System details note Dolby Digital 5.1 - Hindi Subtitles: English
538 ## - SYSTEM DETAILS NOTE
System details note NTSC Format-All Regions, 16x9 Anamorphic (2:23.1 Aspect Ratio), Dual Layer
650 ## - SUBJECT ADDED ENTRY--TOPICAL TERM
Topical term or geographic name as entry element Motion Picture
700 ## - ADDED ENTRY--PERSONAL NAME
Personal name Sippy, Raj N.
700 ## - ADDED ENTRY--PERSONAL NAME
Personal name Sippy, Romu N.
700 ## - ADDED ENTRY--PERSONAL NAME
Personal name Burman, R.D.
700 ## - ADDED ENTRY--PERSONAL NAME
Personal name Shroff, Jackie
700 ## - ADDED ENTRY--PERSONAL NAME
Personal name Kapoor, Anil
700 ## - ADDED ENTRY--PERSONAL NAME
Personal name Sen, Mun Mun
942 ## - ADDED ENTRY ELEMENTS (KOHA)
Koha item type CD-ROMs, DVDs, VHS
Source of classification or shelving scheme Dewey Decimal Classification
Classification part DVD
Call number suffix ANDH
Holdings
Withdrawn status Lost status Source of classification or shelving scheme Damaged status Not for loan Home library Current library Date acquired Source of acquisition Cost, normal purchase price Total Checkouts Full call number Barcode Date last seen Date checked out Copy number Cost, replacement price Price effective from Koha item type
    Dewey Decimal Classification     Central Library Central Library 13/03/2010 Pioneers/1099/25-12-09/325/13-10-09 /30-12-09 49.00 3 DVD ANDH DVD-006549 04/06/2018 21/05/2018 1 49.00 13/03/2010 CD-ROMs, DVDs, VHS
    Dewey Decimal Classification     Janak Puri Janak Puri 19/03/2010 Pioneers/1110/30-12-09/325/13-10-09 /30-12-09 49.00 1 DVD ANDH DVD-007035 03/10/2011 29/09/2011 1 49.00 19/03/2010 CD-ROMs, DVDs, VHS
    Dewey Decimal Classification     Karol Bagh Karol Bagh 13/03/2010 Pioneers/1099/25-12-09/325/13-10-09 /30-12-09 49.00 3 DVD ANDH DVD-006552 29/04/2013 18/04/2013 1 49.00 13/03/2010 CD-ROMs, DVDs, VHS
    Dewey Decimal Classification     Narela Narela 19/03/2010 Pioneers/1110/30-12-09/325/13-10-09 /30-12-09 49.00 1 DVD ANDH DVD-007038 30/03/2011 18/03/2011 1 49.00 19/03/2010 CD-ROMs, DVDs, VHS
    Dewey Decimal Classification     Patel Nagar Patel Nagar 13/03/2010 Pioneers/1099/25-12-09/325/13-10-09 /30-12-09 49.00 2 DVD ANDH DVD-006550 18/02/2012 04/02/2012 1 49.00 13/03/2010 CD-ROMs, DVDs, VHS
    Dewey Decimal Classification     R.K.Puram-8 R.K.Puram-8 19/03/2010 Pioneers/1110/30-12-09/325/13-10-09 /30-12-09 49.00 3 DVD ANDH DVD-007036 30/04/2011 28/04/2011 1 49.00 19/03/2010 CD-ROMs, DVDs, VHS
    Dewey Decimal Classification     Sarojini Nagar Sarojini Nagar 13/03/2010 Pioneers/1099/25-12-09/325/13-10-09 /30-12-09 49.00 2 DVD ANDH DVD-006551 06/09/2010 03/09/2010 1 49.00 13/03/2010 CD-ROMs, DVDs, VHS
    Dewey Decimal Classification     Vinoba Puri Vinoba Puri 19/03/2010 Pioneers/1110/30-12-09/325/13-10-09 /30-12-09 49.00 2 DVD ANDH DVD-007037 04/10/2013 23/09/2013 1 49.00 19/03/2010 CD-ROMs, DVDs, VHS

© Delhi Public Library
Hit Counter
free hit counter